<?xml version="1.0" encoding="UTF-8"?>
<record
    xmlns:xsi="http://www.w3.org/2001/XMLSchema-instance"
    xsi:schemaLocation="http://www.loc.gov/MARC21/slim http://www.loc.gov/standards/marcxml/schema/MARC21slim.xsd"
    xmlns="http://www.loc.gov/MARC21/slim">

  <leader>00708nam a22002537a 4500</leader>
  <controlfield tag="005">20260130150222.0</controlfield>
  <controlfield tag="008">260121b2025    |||||||| |||| 00| 0 spa d</controlfield>
  <datafield tag="020" ind1=" " ind2=" ">
    <subfield code="a">9789977137285</subfield>
  </datafield>
  <datafield tag="041" ind1=" " ind2=" ">
    <subfield code="a">ESP</subfield>
  </datafield>
  <datafield tag="082" ind1=" " ind2=" ">
    <subfield code="a">351.711 C8374L</subfield>
  </datafield>
  <datafield tag="100" ind1=" " ind2=" ">
    <subfield code="a">Costa Rica. Leyes, decretos, etc.</subfield>
  </datafield>
  <datafield tag="245" ind1=" " ind2=" ">
    <subfield code="a">Ley general de contrataci&#xF3;n p&#xFA;blica y su reglamento </subfield>
  </datafield>
  <datafield tag="260" ind1=" " ind2=" ">
    <subfield code="a">Costa Rica</subfield>
  </datafield>
  <datafield tag="260" ind1=" " ind2=" ">
    <subfield code="b">IJSA</subfield>
  </datafield>
  <datafield tag="260" ind1=" " ind2=" ">
    <subfield code="c">2025</subfield>
  </datafield>
  <datafield tag="300" ind1=" " ind2=" ">
    <subfield code="a">435 p&#xE1;ginas</subfield>
  </datafield>
  <datafield tag="490" ind1=" " ind2=" ">
    <subfield code="a">Direcci&#xF3;n y Administraci&#xF3;n de Empresas</subfield>
  </datafield>
  <datafield tag="650" ind1=" " ind2=" ">
    <subfield code="a">COSTA RICA</subfield>
  </datafield>
  <datafield tag="650" ind1=" " ind2=" ">
    <subfield code="a">ADMINISTRACI&#xD3;N P&#xDA;BLICA </subfield>
  </datafield>
  <datafield tag="650" ind1=" " ind2=" ">
    <subfield code="a">CONTRATOS P&#xDA;BLICOS</subfield>
  </datafield>
  <datafield tag="650" ind1=" " ind2=" ">
    <subfield code="a">CONTRATACI&#xD3;N ADMINISTRATIVA</subfield>
  </datafield>
  <datafield tag="650" ind1=" " ind2=" ">
    <subfield code="a">DERECHO ADMINISTRATIVO</subfield>
  </datafield>
  <datafield tag="942" ind1=" " ind2=" ">
    <subfield code="c">OFI</subfield>
    <subfield code="2">ddc</subfield>
  </datafield>
  <datafield tag="999" ind1=" " ind2=" ">
    <subfield code="c">13834</subfield>
    <subfield code="d">13834</subfield>
  </datafield>
  <datafield tag="952" ind1=" " ind2=" ">
    <subfield code="o">351.711 C8374L</subfield>
    <subfield code="p">26137</subfield>
    <subfield code="x">DAE</subfield>
    <subfield code="y">OFI</subfield>
  </datafield>
  <datafield tag="952" ind1=" " ind2=" ">
    <subfield code="o">351.711 C8374L</subfield>
    <subfield code="p">26126</subfield>
    <subfield code="q">2026-12-18</subfield>
    <subfield code="x">DAE</subfield>
    <subfield code="y">OFI</subfield>
  </datafield>
  <datafield tag="952" ind1=" " ind2=" ">
    <subfield code="o">351.711 C8374L</subfield>
    <subfield code="p">26127</subfield>
    <subfield code="q">2026-12-18</subfield>
    <subfield code="x">DAE</subfield>
    <subfield code="y">OFI</subfield>
  </datafield>
  <datafield tag="952" ind1=" " ind2=" ">
    <subfield code="o">351.711 C8374L</subfield>
    <subfield code="p">26128</subfield>
    <subfield code="q">2026-12-18</subfield>
    <subfield code="x">DAE</subfield>
    <subfield code="y">OFI</subfield>
  </datafield>
  <datafield tag="952" ind1=" " ind2=" ">
    <subfield code="o">351.711 C8374L</subfield>
    <subfield code="p">26129</subfield>
    <subfield code="q">2026-12-18</subfield>
    <subfield code="x">DAE</subfield>
    <subfield code="y">OFI</subfield>
  </datafield>
  <datafield tag="952" ind1=" " ind2=" ">
    <subfield code="o">351.711 C8374L</subfield>
    <subfield code="p">26130</subfield>
    <subfield code="q">2026-12-18</subfield>
    <subfield code="x">DAE</subfield>
    <subfield code="y">OFI</subfield>
  </datafield>
  <datafield tag="952" ind1=" " ind2=" ">
    <subfield code="o">351.711 C8374L</subfield>
    <subfield code="p">26131</subfield>
    <subfield code="q">2026-12-18</subfield>
    <subfield code="x">DAE</subfield>
    <subfield code="y">OFI</subfield>
  </datafield>
  <datafield tag="952" ind1=" " ind2=" ">
    <subfield code="o">351.711 C8374L</subfield>
    <subfield code="p">26132</subfield>
    <subfield code="q">2026-12-18</subfield>
    <subfield code="x">DAE</subfield>
    <subfield code="y">OFI</subfield>
  </datafield>
  <datafield tag="952" ind1=" " ind2=" ">
    <subfield code="o">351.711 C8374L</subfield>
    <subfield code="p">26133</subfield>
    <subfield code="x">DAE</subfield>
    <subfield code="y">OFI</subfield>
  </datafield>
  <datafield tag="952" ind1=" " ind2=" ">
    <subfield code="o">351.711 C8374L</subfield>
    <subfield code="p">26134</subfield>
    <subfield code="q">2026-12-18</subfield>
    <subfield code="x">DAE</subfield>
    <subfield code="y">OFI</subfield>
  </datafield>
  <datafield tag="952" ind1=" " ind2=" ">
    <subfield code="o">351.711 C8374L</subfield>
    <subfield code="p">26135</subfield>
    <subfield code="q">2026-12-18</subfield>
    <subfield code="x">DAE</subfield>
    <subfield code="y">OFI</subfield>
  </datafield>
  <datafield tag="952" ind1=" " ind2=" ">
    <subfield code="o">351.711 C8374L</subfield>
    <subfield code="p">26136</subfield>
    <subfield code="q">2026-12-18</subfield>
    <subfield code="x">DAE</subfield>
    <subfield code="y">OFI</subfield>
  </datafield>
  <datafield tag="952" ind1=" " ind2=" ">
    <subfield code="o">351.711 C8374L</subfield>
    <subfield code="p">26138</subfield>
    <subfield code="x">DAE</subfield>
    <subfield code="y">OFI</subfield>
  </datafield>
  <datafield tag="952" ind1=" " ind2=" ">
    <subfield code="o">351.711 C8374L</subfield>
    <subfield code="p">26139</subfield>
    <subfield code="x">DAE</subfield>
    <subfield code="y">OFI</subfield>
  </datafield>
  <datafield tag="952" ind1=" " ind2=" ">
    <subfield code="o">351.711 C8374L</subfield>
    <subfield code="p">26140</subfield>
    <subfield code="x">DAE</subfield>
    <subfield code="y">OFI</subfield>
  </datafield>
  <datafield tag="952" ind1=" " ind2=" ">
    <subfield code="o">351.711 C8374L</subfield>
    <subfield code="p">26141</subfield>
    <subfield code="x">DAE</subfield>
    <subfield code="y">OFI</subfield>
  </datafield>
  <datafield tag="952" ind1=" " ind2=" ">
    <subfield code="o">351.711 C8374L</subfield>
    <subfield code="p">26142</subfield>
    <subfield code="x">DAE</subfield>
    <subfield code="y">OFI</subfield>
  </datafield>
  <datafield tag="952" ind1=" " ind2=" ">
    <subfield code="o">351.711 C8374L</subfield>
    <subfield code="p">26143</subfield>
    <subfield code="x">DAE</subfield>
    <subfield code="y">OFI</subfield>
  </datafield>
  <datafield tag="952" ind1=" " ind2=" ">
    <subfield code="o">351.711 C8374L</subfield>
    <subfield code="p">26144</subfield>
    <subfield code="x">DAE</subfield>
    <subfield code="y">OFI</subfield>
  </datafield>
  <datafield tag="952" ind1=" " ind2=" ">
    <subfield code="o">351.711 C8374L</subfield>
    <subfield code="p">26145</subfield>
    <subfield code="x">DAE</subfield>
    <subfield code="y">OFI</subfield>
  </datafield>
  <datafield tag="952" ind1=" " ind2=" ">
    <subfield code="o">351.711 C8374L</subfield>
    <subfield code="p">26146</subfield>
    <subfield code="x">DAE</subfield>
    <subfield code="y">OFI</subfield>
  </datafield>
  <datafield tag="952" ind1=" " ind2=" ">
    <subfield code="o">351.711 C8374L</subfield>
    <subfield code="p">26147</subfield>
    <subfield code="q">2026-12-18</subfield>
    <subfield code="x">DAE</subfield>
    <subfield code="y">OFI</subfield>
  </datafield>
  <datafield tag="952" ind1=" " ind2=" ">
    <subfield code="o">351.711 C8374L</subfield>
    <subfield code="p">26148</subfield>
    <subfield code="x">DAE</subfield>
    <subfield code="y">OFI</subfield>
  </datafield>
</record>
